000 01852nam a2200277Ia 4500
999 _c34613
_d34613
001 375
003 GE_BSU
005 20200131122527.0
008 181216s2008||||ge |||||||||||||| ||geo||
020 _a97899410074422
040 _cGE_BSU
041 _ageo
080 _a634:631.52/53+635:631.52/53+631.576.3 კ-24
100 _aკაპატაძე, გიორგი
_96612
245 _aბოსტნეული და ხეხილოვანი კულტურების სელექცია-მეთესლეობის და ჯიშთმცოდნეობის პრაქტიკუმი
_b[სახელმძღვ. სტუდ.] /
_cგიორგი კაპატაძე, ცოტნე სამადაშვილი, ხათუნა დობორჯგინიძე ; [რედ. ნ. კერესელიძე].
264 _aთბილისი :
_bშპს "პოლიგრაფისტი",
_c2008.
300 _a138 გვ.:
_bცხ., სურ. ;
_c19 სმ.
504 _a ბიბლიოგრ.: გვ. 135.
653 _aბოსტნეული კულტურების სელექცია-მეთესლეობა
653 _aხეხილოვანი კულტურების სელექცია-მეთესლეობა
700 _aსამადაშვილი, ცოტნე
_96613
700 _aდობორჯგინიძე, ხათუნა
_eავტორი
_96614
700 _aკერესელიძე, ნ.
_eრდაქტორი
_96615
856 _uhttp://dspace.nplg.gov.ge/bitstream/1234/6494/1/Bostneuli_%20Da_%20Xexilovani_%20Kulturebis%20_Seleqcia-Metesleobis%20da%20Jistmcidneobis%20paraqtikumi.pdf
_yელ. ვერსია. pdf
942 _cBK
_2udc